Solo - Yamê - Statistiques

Statistiques générales
  • Ce quiz a été pris 3 fois
  • Le résultat moyen est 123 sur 171
Statistiques - réponses
Réponses % Correct
à
100%
de
100%
deviennent
100%
en
100%
En
100%
Hello ? (Hello, hello ?)
100%
je
100%
j'suis
100%
J'suis
100%
J'te
100%
la
100%
100%
le
100%
mode
100%
pas,
100%
pas
100%
Pas
100%
solo
100%
solo,
100%
ailleurs,
67%
ailleurs
67%
Allô ?
67%
Allô,
67%
allô ?
67%
Allô ? (Allô, allô ?)
67%
Allô ?(Allô, allô ?)
67%
an
67%
appelle,
67%
Beaucoup
67%
biff
67%
bus
67%
casse
67%
ce
67%
C'est
67%
c'est
67%
chakra,
67%
comme
67%
Dans
67%
dans
67%
déjà
67%
Dès
67%
des
67%
d'ici
67%
d'ici)
67%
dire
67%
dit,
67%
Eh (Ah)
67%
Eh-eh-eh
67%
Eh-eh-eh (Ah-ah-ah)
67%
Eh-eh-eh(Ah-ah-ah)
67%
Eh-eh-eh-eh-eh-eh-eh-eh
67%
Eh-eh-ih-ih-ih
67%
entouré
67%
Et
67%
et
67%
faire
67%
Faut
67%
(Faut
67%
géants
67%
Ils
67%
J'dois
67%
J'réponds
67%
j'vesqui,
67%
l'ai
67%
ma
67%
M'appelez
67%
meilleurs (Mmh)
67%
Même
67%
mes
67%
miel
67%
mieux
67%
miles
67%
m'laisser
67%
Moi,
67%
nager
67%
off
67%
off,
67%
petits
67%
piscine
67%
piscine)
67%
Play',
67%
quand
67%
qui
67%
qu'j'désactive
67%
qu'j'me
67%
raccroche,
67%
sauna
67%
savoir
67%
schéma
67%
Seul
67%
(Seul
67%
s'replier (Mmh)
67%
te
67%
tête,
67%
toujours
67%
tour
67%
tournée,
67%
Un
67%
veulent
67%
besoin
33%
binks
33%
Bosser
33%
ché-mar
33%
d'me
33%
j'ai
33%
j'oubliais
33%
mon
33%
Parfois,
33%
replier
33%
W,
33%
Zaza,
33%
-ayeur
0%
bozayeur,
0%
lever
0%
pied
0%
sans
0%
Aucun quiz correspondant
Distribution des résultats
% des personnes avec chaque résultat
Percentile par nombre de réponses
Votre historique - résultats
Vous n’avez pas pris ce quiz